000 00262nam a2200109Ia 4500
008 220204s9999 xx 000 0 und d
082 _a82-3
_bHUG
100 _aHugo, Victor
245 0 _aHunchback of Notre-Dame
260 _aNew York
_bAirmont
_c1968
942 _cBK
999 _c38267
_d38267